000 01035nam a22002537a 4500
999 _c64285
_d64285
005 20240530110724.0
008 180407s2016 xxua g b 000 0 ara d
017 _a2016/2954
_bمصر. دار الكتب
020 _a9777800446
040 _aEG-CaGPL
_cEG-CaGPL
082 _221
_a378.1\
_bش د
100 0 _aشيرين عطية رمضان على
245 1 0 _aدور المنظمات المحلية والدولية فى تحقيق التميز لمؤسسات التعليم العالى /
_cشيرين عطية رمضان على ؛ تقديم عبدالله محمد شوقى .
250 _aط.1
260 _aالقاهرة :
_bعالم الكتب ،
_c2016 .
300 _a368 ص. ؛
_c24 سم.
650 0 7 _2qrmak
_aالمنظمات الدولية
650 0 7 _2qrmak
_aالتعليم العالى
650 0 7 _2qrmak
_aمنظمات المجتمع المدنى
651 _2qrmak
700 0 _aعبدالله محمد شوقى
_eمقدم
942 _2ddc
_cBK